Rius en Política /

Este libro recoge la mayor parte de los trabajos publicados por Rius en la revista Política, en el primer lustro de la década de 1960. Refleja con sentido del humor la situación política del país en esa época.

Sparad:
Bibliografiska uppgifter
Huvudupphov: Rius (autor)
Materialtyp: Bok
Språk:spanska
Utgiven: México : Ediciones de Cultura Popular, 1974, c1974
Serie:(Rius)
Ämnen:
Taggar: Lägg till en tagg
Inga taggar, Lägg till första taggen!

MARC

LEADER 00000nam^a2200000^a^4500
001 000022805
005 20250521000000.0
009 20260310084509.668
037 |a Acervo ITESO - Biblioteca 
041 |a ESP 
082 |a 741. 502  |b RIU 
100 |a Rius  |e (autor) 
245 1 0 |a Rius en Política /  |c Rius ; pról. de Alejandro Miguel. 
246 2 |a Título en la cubierta: Rius en Política: Quince Días de México y del Mundo 
264 1 |a México :  |b Ediciones de Cultura Popular,  |c 1974, c1974 
300 |a 152 p. 
336 |a texto  |b txt  |2 rdacontenido 
337 |a sin mediación  |b n  |2 rdamedio 
338 |a volumen  |b nc  |2 rdasoporte 
440 1 |a (Rius) 
520 |a Este libro recoge la mayor parte de los trabajos publicados por Rius en la revista Política, en el primer lustro de la década de 1960. Refleja con sentido del humor la situación política del país en esa época. 
545 0 |a Rius, pseudónimo de Eduardo del Río García (Zamora, 1934), considerado el caricaturista más popular de México, así como el creador de una forma de comunicación basada en el lenguaje de la historieta y el collage (libro-cómics, lo llama él), con la que ha publicado más de cien títulos, entre los que destacan: La panza es primero; La trukulenta historia del Kapitalismo; Filosofía para principiantes; Osama Tío Sam; Recetarius; Mis queridos agachados. Ha colaborado, entre otras, con las publicaciones Sucesos para todos, Excélsior, Siempre!, Proceso, La Jornada; ha fundado y dirigido La Gallina, Marca Diablo, El Mitote Ilustrado, y La Garrapata; es cofundador y codirector de El Chahuistle y El Chamuco. Es creador de Los supermachos y Los Agachados. Su labor ha sido reconocida con el Premio de la Asociación Mexicana de Periodistas (1959), Gran Prix de Montreal (1968), Premio Nacional de Periodismo (1987), Premio Forte del Marni de Sátira Política (1995). 
649 |a XX 
650 |a Caricaturas Políticas -  |z México -  |x Tema Principal 
650 |a Política -  |z México -  |x Historia -  |y 1958-1964 
650 |a Política -  |z México -  |x Historia -  |y 1964-1970 
650 |a Historietas y Caricaturas de Temas Políticos y Sociales -  |x Tema Principal 
650 |a Historietas y Caricaturas Mexicanas 
650 |a Medios Impresos 
650 |a Medios de Comunicación 
650 |a Comunicación Masiva 
650 |a Comunicación Visual 
910 |a Fondo General 
920 |a Impresos - Libros 
930 |a Colección General 
905 |a 101 
901 |a 0228050100  |b IT1  |c ACC  |i 022805  |u 20250521 
902 |a https://opac.biblio.iteso.mx/vufind/Record/000022805